AN INTRODUCTION TO POLITICAL THEORY (Record no. 19771)

MARC details
000 -LEADER
fixed length control field 00323nam a22001457a 4500
003 - CONTROL NUMBER IDENTIFIER
control field SGT
020 ## - INTERNATIONAL STANDARD BOOK NUMBER
International Standard Book Number 9789350593301
082 ## - DEWEY DECIMAL CLASSIFICATION NUMBER
Classification number 320.011
Item number GAU
100 ## - MAIN ENTRY--PERSONAL NAME
Personal name GAUBA , O P
245 ## - TITLE STATEMENT
Title AN INTRODUCTION TO POLITICAL THEORY
250 ## - EDITION STATEMENT
Edition statement 6
260 ## - PUBLICATION, DISTRIBUTION, ETC. (IMPRINT)
Place of publication, distribution, etc GURGAON
Name of publisher, distributor, etc MACMILLAN
Year of Publication 2013
300 ## - PAGE DESCRIPTION
No. of Pages XVII, 653
942 ## - ADDED ENTRY ELEMENTS (KOHA)
Source of classification or shelving scheme Dewey Decimal Classification
Koha item type Books
942 ## - ADDED ENTRY ELEMENTS (KOHA)
-- 29
Holdings
Withdrawn status Lost status Source of classification or shelving scheme Damaged status Not for loan Collection code Home library Current library Shelving location Date acquired Vendor Name Cost, normal purchase price SGTU Bill Number Total Checkouts Full call number Accession No. (Barcode) Date last seen Date last borrowed Bill Date Koha item type
    Dewey Decimal Classification     LAW SGT Science & Social Sciences Library SGT Science & Social Sciences Library Text Book 17/02/2020 COMMERCIAL BOOK HOUSE 495.00 SGTU 2559 8 320.011 GAU FL2391 25/10/2023 13/10/2023 20/01/2020 Books
    Dewey Decimal Classification     LAW SGT Science & Social Sciences Library SGT Science & Social Sciences Library Text Book 17/02/2020 COMMERCIAL BOOK HOUSE 495.00 SGTU 2559 10 320.011 GAU FL2392 25/10/2023 13/10/2023 20/01/2020 Books
    Dewey Decimal Classification     LAW SGT Science & Social Sciences Library SGT Science & Social Sciences Library Text Book 17/02/2020 COMMERCIAL BOOK HOUSE 495.00 SGTU 2559 11 320.011 GAU FL2393 04/11/2025 04/11/2025 20/01/2020 Books
    Dewey Decimal Classification     LAW SGT Science & Social Sciences Library SGT Science & Social Sciences Library Text Book 17/02/2020 COMMERCIAL BOOK HOUSE 495.00 SGTU 2559 7 320.011 GAU FL2394 20/10/2023 20/10/2023 20/01/2020 Books
    Dewey Decimal Classification   Not For Loan LAW SGT Science & Social Sciences Library SGT Science & Social Sciences Library Reference Book 17/02/2020 COMMERCIAL BOOK HOUSE 495.00 SGTU 2559   320.011 GAU FL2395 17/02/2020   20/01/2020 Books